| 000 | 01326nam0a22003131 4500 | ||
|---|---|---|---|
| 001 | rc\2170132 | ||
| 005 | 20110829161632.4 | ||
| 035 | _a(NLR Aleph) 006604599 | ||
| 090 |
_a7284234 _c7284234 |
||
| 100 | _a20110829d1978 |||y0rusy50 ca | ||
| 101 | 0 | _arus | |
| 102 | _aRU | ||
| 105 | _aa z ||||| | ||
| 200 | 1 |
_aВдувание в доменные печи гомогенизированного мазута и внедоменная десульфурация чугуна на заводах фирмы "Аугуст Тиссен-хютте" (ФРГ) _fН.И. Савелов, Б.И. Ашпин, Н.Е. Дунаев, В.В. Байдов _g[Науч. ред. С.М. Кутнер] _gМ-во черной металлургии СССР. ЦНИИ информ. и техн.-экон. исслед. черной металлургии |
|
| 210 |
_aМосква _cБ. и. _d1978 |
||
| 215 |
_a31 с. _cил. _d20 |
||
| 333 | _aДСП. Экз. № 5 | ||
| 701 | 1 |
_aАшпин _bБ. И. |
|
| 701 | 1 |
_aБайдов _bВ. В. |
|
| 701 | 1 |
_aДунаев _bН. Е. |
|
| 701 | 1 |
_aСавелов _bН. И. |
|
| 702 | 1 |
_aКутнер _bС. М. _4340 |
|
| 801 | 0 |
_aRU _bNLR _gpsbo |
|
| 801 | 1 |
_aRU _bELAR _2rusmarc |
|
| 852 |
_aNLR _j78-50К/1277 |
||
| 899 |
_aRuMoRGB _jДСП/ |
||
| 899 |
_aRuMoRGB _j23 78/359 |
||
| 942 | _cBOOK | ||
| 980 | _aNB | ||